000 01211nam a2200337 i 4500
003 DO-SdBNP
005 20260601111909.0
007 ta
008 240628b2024 dr ||||| |||| 00| 0 spa d
020 _a9789945935738
040 _aDO-SdBNP
_bspa
_cBNPHU
_erda
082 4 _a306.736
_bM539i
_222
100 1 _aMendoza, Pedro
_d1946-
_eautor
_965881
245 1 0 _aInfidelidad conyugal :
_bsus mil caras /
_cPedro Mendoza ; prólogo, José Dunker ; corrección y edición, Piero Espinal Estévez.
264 _aSanto Domingo :
_bOpus,
_c©2024.
300 _a588 páginas ;
_c23 cm.
336 _2rdacontent
_atexto
_btxt
337 _2rdamedia
_asin mediación
_bn
338 _2rdacarrier
_avolumen
_bnc
500 _aIncluye datos biográficos del autor en las solapas
500 _aIncluye referencias bibliográficas y notas al pie de las páginas
590 _aInventariado, 2024/BT
650 4 _aAdulterio
_91269
650 0 _aParejas
_92206
650 0 _aInfidelidad
_91268
650 4 _aMatrimonio
_9797
700 1 _aDunker, José,
_eprólogo
_985894
700 1 _aEspinal Estévez, Piero,
_ecorrección y edición
_93550
910 _abtavárez/Validado. Control de calidad MFF
942 _2ddc
_cLBS1
999 _c57071
_d57071